000 00580nam a2200205 c 4500
001 a5340440
003 OSt
005 20141210150927.0
008 130419s1978 mx 000 0 spa
040 _cBMC
082 _a980.01
245 0 0 _aAmérica Latina
_b: dominación colonial
_n1
_cprólogo y selección de Carlos A. Godinez
250 _a1ª ed
260 _aSan Salvador
_bUniversitaria
_c1978
300 _a631 p.
_c23 cm
490 0 _aLecturas escogidas
651 2 4 _aAmérica Latina
_xHistoria
_y1830
_928806
700 1 _93258
_aGodinez, Carlos A.
942 _2ddc
_cBK
999 _c16109
_d16109